El arte /
En la actualidad, el arte privilegia más la posesión de la obra que su contemplación. Todo parece estetizado y las fronteras entre arte y realidad se vuelven cada vez más borrosas. ¿Es cierto que el arte ha muerto?
Guardado en:
| Autor Principal: | |
|---|---|
| Autores Corporativos: | , |
| Formato: | |
| Publicado: |
Argentina :
Canal Encuentro,
2014.
|
| Series: | Mentira la verdad - Temporada 3
|
| Materias: | |
| Etiquetas: |
Agregar Etiqueta
Sin Etiquetas, Sea el primero en etiquetar este registro!
|
| LEADER | 01097ngm a22002895g 4500 | ||
|---|---|---|---|
| 001 | CEM.cems023337 | ||
| 008 | 130507s2014##################0###0#####d | ||
| 005 | 20250306152647.0 | ||
| 245 | 1 | 0 | |a El arte / |c Darío Sztajnszrajber. |
| 260 | |a Argentina : |b Canal Encuentro, |c 2014. | ||
| 300 | |a 28'. | ||
| 490 | 0 | |a Mentira la verdad - Temporada 3 | |
| 500 | |a Consultar en ventanilla. | ||
| 538 | |a Soporte: DVD - Color: Si - Grabación DRD. | ||
| 520 | |a En la actualidad, el arte privilegia más la posesión de la obra que su contemplación. Todo parece estetizado y las fronteras entre arte y realidad se vuelven cada vez más borrosas. ¿Es cierto que el arte ha muerto? | ||
| 590 | |a Identificación anterior registrada en SIABUC: D116C | ||
| 100 | 1 | |a Sztajnszrajber, Darío | |
| 710 | 2 | |a Canal Encuentro. | |
| 710 | 2 | |a Mulata films. | |
| 082 | 1 | 0 | |/ SZT-3 |
| 653 | |a FILOSOFIA | ||
| 653 | |a SOCIEDAD | ||
| 653 | |a MENTIRA LA VERDAD | ||
| 653 | |a ARTE | ||
| 653 | |a ESTETICA | ||
| 653 | |a SERIE DE TELEVISIÓN | ||
| 859 | |a CEMS |b BIB. CEMS - Depto. Recursos Didacticos |h 100 |i SZT-3 |k DRD |p 1980.15 |t Ej.1 | ||
